000 01386nam a2200313 i 4500
001 10349
003 KOSZ 005
005 20180424144438.0
008 980711s1994 pl a |100 0 pol
040 _aWA N
_cWA N
_dKOSZ 005/EG
041 0 _apol
_aeng
_bpol
_beng
080 _a51
080 _a621
080 _a(06)
100 _aKACALAK, Wojciech.
_bWyższa Szkoła Inżynierska w Koszalinie - Instytut Techniki Wytwarzania,
_cZakład Obróbki Skrawaniem
_d1970 - 1996.
245 1 0 _aZastosowania matematyki w budowie maszyn :
_bV Ogólnopolskie Seminarium Naukowe, Koszalin - Kołobrzeg 19-20 października 1994 /
_cpod red. nauk. Wojciecha Kacalaka.
260 _aKoszalin :
_bWydaw. Uczelniane WSI,
_c1994.
300 _a208 s. :
_brys., wykr. ;
_c24 cm.
490 1 _aZeszyt Naukowy Wydziału Mechanicznego / Wyższa Szkoła Inżynierska w Koszalinie,
_x0860-0325 [i. e. 1427-5155] ;
_vnr 18.
500 _aTekst częśc. ang.
504 _aBibliogr., streszcz., summ. przy ref.
650 0 _aBadania operacyjne.
650 0 _aMaszyny.
650 0 _aSymulacja.
655 0 _aMateriały konferencyjne.
830 _aZeszyt Naukowy Wydziału Mechanicznego - Wyższa Szkoła Inżynierska w Koszalinie ;
_vnr 18
856 _uhttp://koha.tu.koszalin.pl/cgi-bin/koha/opac-detail.pl?biblionumber=6663
_yKatalog online BPK
942 _2UKD
_cKS
999 _c10349
_d10349